Bài tập lý thuyết cháy

Các bài tập lý thuyết về nhiên liệu, cân bằng nhiệt và cân bằng vật chất. Quá trình cháy. Khí động học các quá trình cháy. Khuếch tán và trao đổi chất. Cân bằng hóa học. Động học cháy của các hỗn hợp khí. Quá trình cháy các bon, sự ch...

Cur síos iomlán

Đã lưu trong:
Sonraí Bibleagrafaíochta
Príomhúdar: Pômeraxev, V. V.
Formáid: Leabhar
Teanga:Undetermined
Foilsithe: Hà Nội Bách khoa Hà Nội 2007
Ábhair:
Clibeanna: Cuir Clib Leis
Gan Chlibeanna, Bí ar an gcéad duine leis an taifead seo a chlibeáil!
Thư viện lưu trữ: Trung tâm Học liệu Trường Đại học Cần Thơ
LEADER 01074nam a2200205Ia 4500
001 CTU_176488
008 210402s9999 xx 000 0 und d
020 |c 33000 
082 |a 628.92 
082 |b P453 
100 |a Pômeraxev, V. V. 
245 0 |a Bài tập lý thuyết cháy 
245 0 |c V. Pômeraxev ; Biên dịch: Đỗ Văn Thắng, Trương Ngọc Tuấn 
260 |a Hà Nội 
260 |b Bách khoa Hà Nội 
260 |c 2007 
520 |a Các bài tập lý thuyết về nhiên liệu, cân bằng nhiệt và cân bằng vật chất. Quá trình cháy. Khí động học các quá trình cháy. Khuếch tán và trao đổi chất. Cân bằng hóa học. Động học cháy của các hỗn hợp khí. Quá trình cháy các bon, sự cháy nhiên liệu rắn theo lớp... 
650 |a Fire fighting equipment industry,Fire sprinklers,Lý thuyết cháy 
910 |a Nguyên 
980 |a Trung tâm Học liệu Trường Đại học Cần Thơ